[Event "ROM-ch U12"]
[Site "Voineasa"]
[Date "2010.04.12"]
[Round "7"]
[White "Muresan, Mihai Alexandru"]
[Black "Otoiu, Marian Cristian"]
[Result "0-1"]
[WhiteElo "1451"]
[BlackElo "1595"]
[PlyCount "110"]
[EventDate "2010.04.08"]
[EventType "swiss"]
[EventRounds "9"]
[EventCountry "ROU"]
[SourceTitle "EXT 2020"]
[Source "ChessBase"]
[SourceDate "2019.10.17"]
[SourceVersion "1"]
[SourceVersionDate "2019.10.17"]
[SourceQuality "1"]

1. d4 d5 2. c4 dxc4 3. e3 e5 4. Bxc4 exd4 5. exd4 Nf6 6. Nf3 Be7 7. 0-0 0-0 8. Nc3 Nbd7 9. Bg5 Nb6 10. Be2 c6 11. Qc2 h6 12. Bh4 Be6 13. Rad1 Nbd5 14. Nxd5 Nxd5 15. Bxe7 Qxe7 16. a3 Qc7 17. Bc4 Rfd8 18. Rfe1 Rd7 19. Ne5 Rd6 20. Bxd5 Rxd5 21. Nf3 Rad8 22. Re5 Qd7 23. Rde1 Rxe5 24. dxe5 Qd3 25. Qxd3 Rxd3 26. h3 Bd5 27. Nh2 Rd2 28. Ng4 Rxb2 29. Ne3 Rd2 30. Nxd5 Rxd5 31. e6 fxe6 32. Rxe6 Kf7 33. Re3 b5 34. Re4 a5 35. Rf4+ Ke6 36. Kf1 c5 37. Ke2 b4 38. axb4 cxb4 39. Rc4 b3 40. Rc6+ Rd6 41. Rc7 Rb6 42. Rc1 b2 43. Rb1 a4 44. Kd2 a3 45. Kc2 a2 46. Rxb2 Rc6+ 47. Kd3 a1Q 48. Re2+ Kf6 49. Rc2 Rxc2 50. Kxc2 Qa2+ 51. Kd3 Qxf2 52. g4 Qf3+ 53. Kd4 Qxh3 54. g5+ hxg5 55. Ke4 g4 0-1

[Event "ROM-ch U12"]
[Site "Voineasa"]
[Date "2010.04.10"]
[Round "4"]
[White "Toma, Radu Cristian"]
[Black "Muresan, Mihai Alexandru"]
[Result "1-0"]
[WhiteElo "2047"]
[BlackElo "1451"]
[PlyCount "63"]
[EventDate "2010.04.08"]
[EventType "swiss"]
[EventRounds "9"]
[EventCountry "ROU"]
[SourceTitle "EXT 2020"]
[Source "ChessBase"]
[SourceDate "2019.10.17"]
[SourceVersion "1"]
[SourceVersionDate "2019.10.17"]
[SourceQuality "1"]

1. e4 e5 2. Nf3 Nc6 3. Bb5 a6 4. Ba4 Nf6 5. 0-0 b5 6. Bb3 Be7 7. Re1 d6 8. c3 0-0 9. d4 exd4 10. cxd4 Na5 11. Bc2 Bg4 12. b3 c5 13. d5 c4 14. b4 Nb7 15. Bb2 a5 16. a3 Qc7 17. Nc3 Qd7 18. Qe2 axb4 19. axb4 Rxa1 20. Rxa1 Rb8 21. Ra7 Ne8 22. h3 Bh5 23. g4 Bg6 24. Nd4 Bf6 25. Ncxb5 Bxd4 26. Nxd4 Qc7 27. Nc6 Rc8 28. Qxc4 Kf8 29. Qb5 Rb8 30. Ba4 Bxe4 31. Nxb8 Qxb8 32. Rxb7 1-0